000 00752cab a2200241 4500
001 ABS49528
008 090401t1993 xxu||||| |||| 00| 0 eng d
035 _a(Sirsi) u71713
041 _aeng
100 _aCulshaw, S.T.
245 _aMaritime territorial expansion
260 _c1993
350 _a0
490 _aCS Monthly : Planning and Development bulletin
_v3(2) October 1993, 5(1)
520 _aThe concept of jurisdiction over maritime territory dates from Roman times, this article discusses the current situation.
650 _aEXCLUSIVE ECONOMIC ZONES
650 _aLAW OF THE SEA
650 _aMARITIME BOUNDARIES
650 _aTERRITORIAL WATERS ACT 1878
690 _aMARINE RESOURCES
942 _n0
948 _c04/03/1997
999 _c45243
_d45243